000 00596cab a2200193 4500
001 ABS41697
008 090401t1989 xxu||||| |||| 00| 0 eng d
035 _a(Sirsi) u31816
041 _aeng
110 _aRoyal Institution of Chartered Surveyors
_bInsurance Services
_9643
245 _aMaking sure of your insurance
260 _c1989
350 _a0
490 _aChartered Surveyor Weekly
_v29(7) 23 November 1989, 80(1)
520 _aAdvice for chartered surveyors choosing a professional indemnity insurance policy.
690 _aInsurance
_96249
942 _n0
948 _c04/03/1997
999 _c21358
_d21358